00564nam a2200157Ia 4500003000900000008004100009040001600050080001700066100002300083245017900106260004700285300001000332650001200342650002900354650002300383IN-BaIIA211028s9999 xx 000 0 eng d cIIA Library a016:553bGSI aLa Touche,T. H. D. 2aA bibliography of Indian geology and physical geography with an annotated index of minerals of economic value.cT. H. D. La Touche  aCalcuttabGeological Survey of Indiac1918 a490p. aGeology aMinerals-annotated index aPhysical geography